[Event "Online Olym Div4 A"]
[Site "Chess.com INT"]
[Date "2021.08.20"]
[Round "3.2"]
[White "Sewak, Aarti"]
[Black "Huang, Yuen Tung"]
[Result "0-1"]
[WhiteElo "1412"]
[BlackElo "1309"]
[PlyCount "68"]
[EventDate "2021.08.20"]
[EventType "team (rapid)"]
[EventRounds "11"]
[EventCountry "USA"]
[SourceTitle "CBM 203 Extra"]
[Source "ChessBase"]
[SourceDate "2021.09.30"]
[SourceVersion "1"]
[SourceVersionDate "2021.09.30"]
[SourceQuality "1"]
[WhiteTeam "Fiji"]
[BlackTeam "Hong Kong"]
[WhiteTeamCountry "FIJ"]
[BlackTeamCountry "HKG"]

1. Nf3 d5 2. d4 Nf6 3. Nc3 Nc6 4. g3 g6 5. a3 Bg7 6. h3 0-0 7. Bg2 Bd7 8. Ne5 a6 9. Be3 e6 10. f4 b5 11. Nxc6 Bxc6 12. 0-0 Bb7 13. Bf3 Rc8 14. Bf2 Nd7 15. Kg2 c5 16. e3 Ba8 17. Rh1 cxd4 18. exd4 Qc7 19. Be3 Nb6 20. Bc1 Na4 21. Re1 Nxc3 22. bxc3 Qxc3 23. Be3 Rc4 24. Re2 Bxd4 25. Bxd4 Rxd4 26. Qe1 Rc8 27. Qxc3 Rxc3 28. Ra2 Ra4 29. Kf2 b4 30. Re1 Raxa3 31. Rb2 Rxf3+ 32. Ke2 a5 33. Rd1 Rxg3 34. Rd3 Raxd3 0-1

[Event "Asia Cup U14"]
[Site "Shenzhen"]
[Date "2019.12.25"]
[Round "9.4"]
[White "Huang, Yuen Tung"]
[Black "Foo, Jing Er Claire"]
[Result "0-1"]
[WhiteElo "1293"]
[BlackElo "1546"]
[PlyCount "88"]
[EventDate "2019.12.19"]
[EventType "team-tourn"]
[EventRounds "9"]
[EventCountry "CHN"]
[SourceTitle "CBM 194 Extra"]
[Source "ChessBase"]
[SourceDate "2020.03.31"]
[SourceVersion "1"]
[SourceVersionDate "2020.03.31"]
[SourceQuality "1"]
[WhiteTeam "Hong Kong II"]
[BlackTeam "Malaysia"]
[WhiteTeamCountry "HKG"]
[BlackTeamCountry "MAS"]

1. e4 c5 2. Nf3 d6 3. Bb5+ Nd7 4. 0-0 a6 5. Bxd7+ Qxd7 6. Nc3 e6 7. d4 cxd4 8. Qxd4 e5 9. Qd3 Nf6 10. h3 Be7 11. Be3 0-0 12. Rfd1 h6 13. a4 Rb8 14. Nd2 Qc6 15. Nc4 Be6 16. Nb6 Nd7 17. Nbd5 Bd8 18. Nb4 Qc4 19. Qxc4 Bxc4 20. Rxd6 Nf6 21. Rdd1 Ba5 22. Bc5 Rfe8 23. f3 Rbc8 24. Bd6 Rcd8 25. Nba2 Bb6+ 26. Kh2 Bd4 27. Bb4 b6 28. b3 Be6 29. Rab1 Rc8 30. Rd2 a5 31. Nb5 axb4 32. Nd6 Red8 33. Nxc8 Rxc8 34. Re2 Nh5 35. g3 Bc3 36. Rd1 Rc6 37. Rd3 Bc8 38. Nxc3 bxc3 39. Ree3 Ba6 40. Rxc3 Rd6 41. h4 Rd2+ 42. Kg1 Nxg3 43. Rc6 Bf1 44. Rxb6 Rg2# 0-1